书目信息 |
| 题名: |
智能建筑技术
|
|
| 作者: | 张永坚 , 周培祥 , 高鹤 编著 | |
| 分册: | ||
| 出版信息: | 北京 中国水利水电出版社 2007.11 |
|
| 页数: | 404页 | |
| 开本: | 26cm | |
| 丛书名: | ||
| 单 册: | ||
| 中图分类: | TU243 | |
| 科图分类: | ||
| 主题词: | 职能建筑--zhi neng jian zhu | |
| 电子资源: | ||
| ISBN: | 978-7-5084-4882-4 | |
| 000 | 01090nam0 2200277 450 | |
| 001 | 012007191615 | |
| 005 | 20071228114447.53 | |
| 010 | @a978-7-5084-4882-4@dCNY48.00 | |
| 100 | @a20071228d2007 km y0chiy0120 ea | |
| 101 | 0 | @achi |
| 102 | @aCN@b110000 | |
| 105 | @aa a 000yy | |
| 106 | @ar | |
| 200 | 1 | @a智能建筑技术@Azhi neng jian zhu ji shu@f张永坚 ... [等] 编著@Fzhang yong jian...[deng]bian zhu |
| 210 | @a北京@c中国水利水电出版社@d2007.11 | |
| 215 | @a404页@c图@d26cm | |
| 304 | @a题名页题 : 张永坚, 周培祥, 高鹤, 张传升等编著 | |
| 320 | @a有书目 (第404页) | |
| 330 | @a本书介绍了智能建筑基本概念、基础知识、基本原理,同时全面系统地介绍了智能建筑中各智能化系统的工程设计、智能建筑系统集成与工程管理。本书概念准确、论述严谨、内容新颖、图文并茂,既重视基本原理和基本概念的阐述,又力图反映智能建筑的一些最新发展。 | |
| 606 | 0 | @a职能建筑@Azhi neng jian zhu |
| 690 | @aTU243@v4 | |
| 701 | 0 | @a张永坚@Azhang yong jian@4编著 |
| 701 | 0 | @a周培祥@Azhou pei xiang@4编著 |
| 701 | 0 | @a高鹤@Agao he@4编著 |
| 801 | 0 | @aCN@bQSSK@c20071228 |
| 905 | @b273654-56@dTU243@eZ232@f3 | |
| 智能建筑技术/张永坚 ... [等] 编著.-北京:中国水利水电出版社,2007.11 |
| 404页:图;26cm |
| ISBN 978-7-5084-4882-4:CNY48.00 |
| 本书介绍了智能建筑基本概念、基础知识、基本原理,同时全面系统地介绍了智能建筑中各智能化系统的工程设计、智能建筑系统集成与工程管理。本书概念准确、论述严谨、内容新颖、图文并茂,既重视基本原理和基本概念的阐述,又力图反映智能建筑的一些最新发展。 |
| ● |
| 相关链接 |
|
|
|
正题名:智能建筑技术
索取号:TU243/Z232
 
预约/预借
| 序号 | 登录号 | 条形码 | 馆藏地/架位号 | 状态 | 备注 |
| 1 | 273654 | 202736548 | 建筑库101/101建筑库 68排3列4层/ [索取号:TU243/Z232] | 在馆 | |
| 2 | 273655 | 202736557 | 建筑库101/101建筑库 68排3列4层/ [索取号:TU243/Z232] | 在馆 | |
| 3 | 273656 | 202736566 | 建筑库101/101建筑库 68排3列4层/ [索取号:TU243/Z232] | 在馆 |